000 00305nam a22001457a 4500
008 210305b ||||| |||| 00| 0 eng d
020 _a9781680366792
041 _aeng
080 _a82
082 _a82
100 _a21
101 _aGJL
245 _aThe UNF Guide to Writing
_cUNF
942 _2udc
_cBK
999 _c55890
_d55890